| 000 | 00497nam a2200205Ia 4500 | ||
|---|---|---|---|
| 005 | 20230708104543.0 | ||
| 008 | 131103s9999 xx 000 0 und d | ||
| 020 |
_a0-330-35427-2. _cGBP 3.25 |
||
| 040 | _aLoreto College | ||
| 041 | _aEnglish | ||
| 082 |
_aF _bFOL |
||
| 100 | _aFollett,Ken. | ||
| 245 | 4 |
_aThe key to Rebecca. _cKen Follett. |
|
| 260 |
_aLondon. _bPan books. _c1998 |
||
| 300 | _a480p. | ||
| 650 | _aFiction. | ||
| 651 | _aEnglish Fiction | ||
| 850 | _aLCLIB | ||
| 942 | _cBK | ||
| 999 |
_c18027 _d68506 |
||